[Event "KEN-chT"]
[Site "Nairobi"]
[Date "2019.06.23"]
[Round "19.2"]
[White "Gachai, Danwillies"]
[Black "Kariuki, Stephen"]
[Result "0-1"]
[WhiteElo "1354"]
[BlackElo "1548"]
[PlyCount "58"]
[EventDate "2019.02.09"]
[EventType "team-tourn"]
[EventRounds "27"]
[EventCountry "KEN"]
[SourceTitle "CBM 192 Extra"]
[Source "Chessbase"]
[SourceDate "2019.11.06"]
[SourceVersion "1"]
[SourceVersionDate "2019.11.06"]
[SourceQuality "1"]
[WhiteTeam "Lighthouse"]
[BlackTeam "Trojan Warriors"]
[WhiteTeamCountry "KEN"]
[BlackTeamCountry "KEN"]

1. e4 e5 2. Nf3 d6 3. h3 Nf6 4. Nc3 Nc6 5. Bc4 Be7 6. d4 Bd7 7. Bb5 exd4 8. Nxd4 Ne5 9. Bxd7+ Qxd7 10. Bf4 Ng6 11. Bg3 0-0-0 12. Qd3 Ne5 13. Qe3 Nc4 14. Qc1 d5 15. e5 Ne4 16. b3 Bb4 17. Rb1 Bxc3+ 18. Ke2 Ncd2 19. f3 Nxg3+ 20. Kd3 Nxh1 21. Qxh1 Nxb1 22. Qxb1 Bxd4 23. Kxd4 Rhe8 24. Qe1 Qb5 25. Qg3 c5+ 26. Kc3 Qb4+ 27. Kd3 Qd4+ 28. Ke2 Rxe5+ 29. Kf1 Qd1+ 0-1